[Event "AUT-ch U10"]
[Site "St Kanzian"]
[Date "2017.06.17"]
[Round "5.3"]
[White "Gschiel, Alexander"]
[Black "Maiberg, Leon"]
[Result "1/2-1/2"]
[WhiteElo "1273"]
[BlackElo "1241"]
[PlyCount "77"]
[EventDate "2017.06.16"]
[EventType "swiss"]
[EventRounds "7"]
[EventCountry "AUT"]
[SourceTitle "EXT 2024"]
[Source "ChessBase"]
[SourceDate "2023.10.10"]
[SourceVersion "1"]
[SourceVersionDate "2023.10.10"]
[SourceQuality "1"]

1. d4 d5 2. Nf3 Nf6 3. g3 Nc6 4. Bg2 Bf5 5. 0-0 e6 6. c4 dxc4 7. Ne5 Nxe5 8. dxe5 Qxd1 9. Rxd1 Ne4 10. Nd2 0-0-0 11. a3 c3 12. bxc3 Nxc3 13. Re1 Bc5 14. Nb3 Bb6 15. Bg5 Rd7 16. Rac1 Ne4 17. Be3 Bxe3 18. fxe3 Rhd8 19. Nd4 c5 20. Bxe4 Bxe4 21. Rxc5+ Kb8 22. Nb5 Rd5 23. Rxd5 Rxd5 24. Nd6 Bg6 25. Rc1 a6 26. Rc8+ Ka7 27. Rc7 Rxe5 28. Kf2 Kb6 29. Rc3 Rc5 30. Rb3+ Kc6 31. Nxb7 Rb5 32. Rxb5 Kxb5 33. Ke1 Ka4 34. Nc5+ Kxa3 35. Nxa6 Ka4 36. Nc5+ Kb5 37. Nd3 Kc6 38. Kf2 Kd5 39. Kf3 1/2-1/2

[Event "AUT-ch U10"]
[Site "St Kanzian"]
[Date "2017.06.17"]
[Round "4.2"]
[White "Maiberg, Leon"]
[Black "Jetzl, Julian"]
[Result "1/2-1/2"]
[WhiteElo "1241"]
[BlackElo "1244"]
[PlyCount "118"]
[EventDate "2017.06.16"]
[EventType "swiss"]
[EventRounds "7"]
[EventCountry "AUT"]
[SourceTitle "EXT 2024"]
[Source "ChessBase"]
[SourceDate "2023.10.10"]
[SourceVersion "1"]
[SourceVersionDate "2023.10.10"]
[SourceQuality "1"]

1. d4 Nf6 2. c4 d6 3. Nc3 Nbd7 4. e4 g6 5. Nf3 Bg7 6. Be2 0-0 7. 0-0 e5 8. Be3 c6 9. Qd2 Ng4 10. h3 Nxe3 11. Qxe3 f5 12. exf5 Rxf5 13. Ne4 Qf8 14. b4 b6 15. Bd3 Rf4 16. d5 Bb7 17. dxc6 Bxc6 18. Rfd1 Nf6 19. Nxf6+ Rxf6 20. Be4 Bxe4 21. Qxe4 Rf4 22. Qd5+ Kh8 23. Qxd6 e4 24. Qxf8+ Rfxf8 25. Nd4 Rad8 26. Ne6 Bxa1 27. Rxd8 Rxd8 28. Nxd8 Bc3 29. b5 Kg7 30. Kf1 Kf6 31. Ke2 Kf5 32. Nc6 Be5 33. Nxa7 Bd4 34. Nc6 Bc5 35. g3 h5 36. h4 g5 37. hxg5 Kxg5 38. f3 exf3+ 39. Kxf3 Bd6 40. a4 Bc7 41. Nd4 Kf6 42. Nb3 Be5 43. c5 bxc5 44. Nxc5 Bc7 45. g4 hxg4+ 46. Kxg4 Ke7 47. Kf5 Bb6 48. Na6 Kd6 49. Ke4 Ke6 50. Kd3 Kd5 51. Kc3 Ba5+ 52. Kd3 Bb6 53. Nb4+ Kc5 54. Nc6 Kd6 55. Kc4 Kc7 56. a5 Ba7 57. Kd5 Be3 58. b6+ Bxb6 59. axb6+ Kxb6 1/2-1/2

[Event "AUT-ch U10"]
[Site "St Kanzian"]
[Date "2017.06.16"]
[Round "3.1"]
[White "Wendl, Philipp"]
[Black "Maiberg, Leon"]
[Result "1/2-1/2"]
[WhiteElo "1269"]
[BlackElo "1241"]
[PlyCount "63"]
[EventDate "2017.06.16"]
[EventType "swiss"]
[EventRounds "7"]
[EventCountry "AUT"]
[SourceTitle "EXT 2024"]
[Source "ChessBase"]
[SourceDate "2023.10.10"]
[SourceVersion "1"]
[SourceVersionDate "2023.10.10"]
[SourceQuality "1"]

1. e4 c6 2. Nf3 d5 3. Nc3 d4 4. Ne2 c5 5. c3 Nc6 6. cxd4 cxd4 7. d3 e5 8. g3 Nf6 9. Bg2 Bb4+ 10. Bd2 Bxd2+ 11. Nxd2 0-0 12. 0-0 Be6 13. a3 Qb6 14. b3 Rac8 15. h3 Rc7 16. f4 Rfc8 17. f5 Bd7 18. Nc4 Qc5 19. b4 Qe7 20. g4 b5 21. Nd2 Ne8 22. Nf3 f6 23. h4 Nd8 24. g5 Nf7 25. Qb3 Kh8 26. gxf6 Nxf6 27. Bh3 Nd6 28. Rac1 Rxc1 29. Rxc1 Rxc1+ 30. Nxc1 Qf7 31. Qxf7 Nxf7 32. Ne2 1/2-1/2

[Event "EU Union-ch U10 14th"]
[Site "Mureck"]
[Date "2016.08.08"]
[Round "6"]
[White "Maiberg, Leon"]
[Black "Chung, Ethan Cheung Jing"]
[Result "0-1"]
[WhiteElo "1231"]
[BlackElo "1343"]
[PlyCount "58"]
[EventDate "2016.08.03"]
[EventType "swiss"]
[EventRounds "9"]
[EventCountry "AUT"]
[SourceTitle "CBM 174 Extra"]
[Source "ChessBase"]
[SourceDate "2016.10.10"]
[SourceVersion "1"]
[SourceVersionDate "2016.10.10"]
[SourceQuality "1"]

1. d4 d5 2. c4 c6 3. Nf3 e6 4. Nc3 f5 5. Bf4 Nf6 6. e3 Nbd7 7. Be2 Be7 8. 0-0 0-0 9. Qc2 Ne4 10. Nd2 Bg5 11. Ndxe4 Bxf4 12. Nd2 Bb8 13. Nf3 Qc7 14. Ne5 Nxe5 15. dxe5 Qxe5 16. g3 dxc4 17. Bxc4 b5 18. Bb3 a5 19. a3 Ba6 20. Rfe1 Re8 21. e4 f4 22. Qd2 fxg3 23. hxg3 Ba7 24. Qd7 Qxg3+ 25. Kh1 Qf3+ 26. Kh2 Qxf2+ 27. Kh1 Qh4+ 28. Kg2 Qg4+ 29. Kh1 Qh3# 0-1

[Event "EU Union-ch U10 14th"]
[Site "Mureck"]
[Date "2016.08.04"]
[Round "2"]
[White "Maiberg, Leon"]
[Black "Smirnova, Jekaterina"]
[Result "1-0"]
[WhiteElo "1231"]
[BlackElo "1141"]
[PlyCount "55"]
[EventDate "2016.08.03"]
[EventType "swiss"]
[EventRounds "9"]
[EventCountry "AUT"]
[SourceTitle "CBM 174 Extra"]
[Source "ChessBase"]
[SourceDate "2016.10.10"]
[SourceVersion "1"]
[SourceVersionDate "2016.10.10"]
[SourceQuality "1"]

1. d4 d5 2. c4 e6 3. g3 Nf6 4. Bg2 Be7 5. Nf3 0-0 6. 0-0 Nc6 7. Nc3 b6 8. Bf4 Ba6 9. cxd5 exd5 10. Ne5 Nxe5 11. Bxe5 c6 12. Re1 Re8 13. e4 Bb7 14. Bxf6 Bxf6 15. e5 Be7 16. f4 c5 17. Kh1 Rb8 18. Rf1 cxd4 19. Qxd4 Bc5 20. Qd1 d4 21. Ne4 Be7 22. f5 f6 23. e6 g6 24. Qg4 Kg7 25. h4 h5 26. Qxg6+ Kh8 27. Qxh5+ Kg7 28. Rf4 1-0

[Event "AUT-ch U08"]
[Site "Woerth"]
[Date "2015.06.06"]
[Round "4.5"]
[White "Maiberg, Leon"]
[Black "Unterrieder, Romano"]
[Result "1-0"]
[WhiteElo "867"]
[BlackElo "923"]
[PlyCount "71"]
[EventDate "2015.06.05"]
[EventType "swiss"]
[EventRounds "7"]
[EventCountry "AUT"]
[SourceTitle "EXT 2024"]
[Source "ChessBase"]
[SourceDate "2023.10.10"]
[SourceVersion "1"]
[SourceVersionDate "2023.10.10"]
[SourceQuality "1"]

1. d4 d5 2. c4 dxc4 3. e3 Be6 4. Bxc4 Bxc4 5. Qa4+ c6 6. Qxc4 b5 7. Qc2 Na6 8. Qxc6+ Qd7 9. Qxa8+ Qd8 10. Qxd8+ Kxd8 11. e4 e6 12. Nf3 Bb4+ 13. Nc3 f5 14. 0-0 fxe4 15. Nxe4 Be7 16. Nfg5 Ke8 17. Bf4 h6 18. Nxe6 Kf7 19. d5 Nf6 20. Nxf6 Bxf6 21. Rfd1 b4 22. Rac1 Rb8 23. Bxb8 Nxb8 24. Rc7+ Ke8 25. d6 Bxb2 26. Rc8+ Kd7 27. Rxb8 Ba3 28. Rb7+ Kxe6 29. d7 b3 30. Rxa7 bxa2 31. Rxa3 a1Q 32. Raxa1 Kf6 33. d8Q+ Kg6 34. Rd6+ Kh7 35. Ra8 g6 36. Qh8# 1-0

[Event "AUT-ch U08"]
[Site "Woerth"]
[Date "2015.06.05"]
[Round "2.6"]
[White "Wendl, Philipp"]
[Black "Maiberg, Leon"]
[Result "1-0"]
[WhiteElo "1086"]
[BlackElo "867"]
[PlyCount "23"]
[EventDate "2015.06.05"]
[EventType "swiss"]
[EventRounds "7"]
[EventCountry "AUT"]
[SourceTitle "EXT 2024"]
[Source "ChessBase"]
[SourceDate "2023.10.10"]
[SourceVersion "1"]
[SourceVersionDate "2023.10.10"]
[SourceQuality "1"]

1. e4 e5 2. Nf3 d6 3. Nc3 Nf6 4. Bc4 g6 5. Ng5 d5 6. Nxd5 Bg7 7. Nxf6+ Qxf6 8. Bxf7+ Kf8 9. Bc4 Qxg5 10. Qf3+ Bf6 11. d4 exd4 12. Bxg5 1-0